Capitali del Mondo - Africa - Statistics

Statistiche generali
  • Questo quiz è stato fatto 266 volte
  • Il punteggio medio è 32 su 54
Statistiche sulle risposte
Nazione Capitale % Corretto
Algeria Algeri
100%
Marocco Rabat
89%
Kenya Nairobi
88%
Gibuti Gibuti
85%
Libia Tripoli
85%
Sudafrica Pretoria - Città del Capo - Bloemfontein
82%
Senegal Dakar
80%
Tunisia Tunisi
80%
Egitto Il Cairo
79%
Madagascar Antananarivo
78%
São Tomé e Príncipe São Tomé
78%
Etiopia Addis Abeba
72%
Angola Luanda
72%
Guinea-Bissau Bissau
70%
Repubblica Democratica del Congo Kinshasa
69%
Ghana Accra
66%
Somalia Mogadiscio
66%
Sierra Leone Freetown
64%
Nigeria Abuja
63%
Congo Brazzaville
63%
Camerun Yaoundé
62%
Burkina Faso Ouagadougou
60%
Seychelles Victoria
60%
Zimbabwe Harare
59%
Benin Porto-Novo
59%
Eritrea Asmara
58%
Chad N'Djamena
58%
Togo Lomè
57%
Niger Niamey
56%
Capo Verde Praia
55%
Mozambico Maputo
54%
Liberia Monrovia
54%
Botswana Gaborone
52%
Mauritius Port Louis
52%
Costa d'Avorio Yamoussoukro
52%
Ruanda Kigali
51%
Guinea Conakry
50%
Comore Moroni
50%
Namibia Windhoek
50%
Mali Bamako
47%
Tanzania Dodoma
47%
Sudan del Sud Giuba
47%
Gabon Libreville
47%
Zambia Lusaka
46%
Malawi Lilongwe
45%
Repubblica Centrafricana Bangui
44%
Uganda Kampala
42%
Lesotho Maseru
42%
eSwatini Mbabane - Lobamba
42%
Burundi Gitega
40%
Gambia Banjul
39%
Mauritania Nouakchott
38%
Sudan Khartoum
37%
Guinea Equatoriale Malabo
34%
Nessun quiz corrispondente trovato
Distribuzione punteggi
Percentuale di utenti per punteggio
Percentile per numero di risposta
I tuoi punteggi nel tempo
Non hai fatto questo quiz